| 000 | 00591nam a2200145Ia 4500 | ||
|---|---|---|---|
| 008 | 100415s9999 xx 000 0 und d | ||
| 082 |
_b19297 _a614.71 |
||
| 100 | _aANON | ||
| 245 | _aCleaner air and better transport in cities making informed choices: ONE COPY FOR REFERENCE ONLY | ||
| 260 |
_c2000 _bTATA ENERGY RESEARCH INSTITUTE |
||
| 365 | _b150 | ||
| 630 | _aCleaner air and better transport in cities making informed choices: ONE COPY FOR REFERENCE ONLY | ||
| 730 | _aCleaner air and better transport in cities making informed choices: ONE COPY FOR REFERENCE ONLY | ||
| 942 | _cBOOK | ||
| 999 |
_c602194 _d602191 |
||